| 000 | 01135nam a22003615a 4500 | ||
|---|---|---|---|
| 001 | 007356568 | ||
| 005 | 20240818093002.0 | ||
| 008 | 980518t1998 enka fr 001 ||eng | ||
| 010 | _a97014027 | ||
| 015 |
_aGB97X0442 _2bnb |
||
| 020 | _a0201824167 | ||
| 020 | _a9780201824162 | ||
| 039 | 0 | _a2491 | |
| 040 |
_aEG-ScBUE _beng _cEG-ScBUE |
||
| 082 | 0 | 4 |
_a512.5 _bJOH _221 |
| 100 | 1 | _aJohnson, Lee W. | |
| 245 | 1 | 0 |
_aIntroduction to linear algebra / _cLee W. Johnson, R. Dean Riess, Jimmy T. Arnold. |
| 250 | _a4th ed. | ||
| 260 |
_aReading, Massachusetts. ; _aHarlow : _bAddison-Wesley, _cc. 1998. |
||
| 300 |
_ap. : _bill. (some col.) ; _c24 cm. |
||
| 500 | _aIncludes index. | ||
| 590 | _aMohamed Hussein | ||
| 650 | 0 |
_aAlgebras, Linear. _2BUEsh |
|
| 651 | _2BUEsh | ||
| 653 |
_bENGMEC _bENGELC _cAugust2015 |
||
| 700 | 1 |
_aRiess, R. Dean _q(Ronald Dean), _d1940- |
|
| 700 | 1 |
_aArnold, Jimmy T. _q(Jimmy Thomas), _d1941- |
|
| 942 |
_2ddc _hRDA-MOD |
||
| 999 |
_c20617 _d20589 |
||
| 336 |
_2rdacontent _atext _btxt |
||
| 337 |
_aunmediated _2rdamedia _bn |
||
| 338 |
_avolume _bnc _2rdacarrier |
||